000
00287nam a2200121Ia 4500
008
191201s2019 xx 000 0 und d
100
_a
BIMBHRA, P.S.
245
0
_a
Electrical Machinery
260
_a
N. delhi
_b
Khanna Publisher
300
_a
1182
650
_a
B.Tech(ECE)
942
_2
ddc
_c
BK
999
_c
415
_d
415